| 000 | 00632cam a2200253 4500 | ||
|---|---|---|---|
| 001 | B2193 | ||
| 008 | 090401t xxu||||| |||| 00| 0 eng d | ||
| 035 | _a(Sirsi) u48650 | ||
| 041 | _aeng | ||
| 050 | _a338.6042 | ||
| 100 | _aHolley, Paul | ||
| 245 | 4 | _aThe effect of the working environment on employee behaviour and attitude | |
| 260 |
_aLondon _bTaylor Woodrow Property Co. Ltd _c1989? |
||
| 300 | _a28 leaves ; 30cm. | ||
| 350 | _a0 | ||
| 650 | _aBUSINESS PARKS | ||
| 650 | _aEMPLOYEES | ||
| 650 | _aLOCATION | ||
| 650 | _aLONDON | ||
| 650 | _aMOTIVATION | ||
| 650 | _aSWINDON | ||
| 942 | _n0 | ||
| 948 | _c04/03/1997 | ||
| 999 |
_c92382 _d92382 |
||